Towards an ASEAN of peace, stability and sustainable development (Record no. 22268)
[ view plain ]
| 000 -LEADER | |
|---|---|
| fixed length control field | 00547nam a2200181Ia 4500 |
| 082 ## - DEWEY DECIMAL CLASSIFICATION NUMBER | |
| Classification number | 338.927095 QUY-T |
| 100 ## - MAIN ENTRY--AUTHOR NAME | |
| Personal name | Quy, Nguyen Duy |
| 245 #0 - TITLE STATEMENT | |
| Title | Towards an ASEAN of peace, stability and sustainable development |
| 260 ## - PUBLICATION, DISTRIBUTION, ETC. (IMPRINT) | |
| Place of publication | HA NOI |
| Name of publisher | GIOI Publishers |
| Year of publication | 2003 |
| 300 ## - PHYSICAL DESCRIPTION | |
| Number of Pages | 460 |
| 650 ## - SUBJECT ADDED ENTRY--TOPICAL TERM | |
| Topical Term | Sustainable development |
| Form subdivision | Asia |
| 650 ## - SUBJECT ADDED ENTRY--TOPICAL TERM | |
| Topical Term | Asia |
| Form subdivision | Economic development |
| 650 ## - SUBJECT ADDED ENTRY--TOPICAL TERM | |
| Topical Term | International cooperation |
| Form subdivision | Asia |
| 650 ## - SUBJECT ADDED ENTRY--TOPICAL TERM | |
| Topical Term | ASEAN |
| Form subdivision | Foreign economic relations |
| 650 ## - SUBJECT ADDED ENTRY--TOPICAL TERM | |
| Topical Term | ASEAN |
| Form subdivision | Foreign relations |
| 700 ## - ADDED ENTRY--PERSONAL NAME | |
| Personal name | Chuong, Pham Van |
| 942 ## - ADDED ENTRY ELEMENTS (KOHA) | |
| Koha item type | Books |
| Withdrawn status | Lost status | Damaged status | Not for loan | Home library | Current library | Date acquired | Source of acquisition | Bill Date | Full call number | Accession Number | Price effective from | Koha item type |
|---|---|---|---|---|---|---|---|---|---|---|---|---|
| NASSDOC Library | NASSDOC Library | 22/11/2006 | Gifted by : RIC Division, ICSSR | 2006-11-08 | 338.927095 QUY-T | 43016 | 18/04/2019 | Books |
